Central Library OPAC University of Rajshahi

Remarks on the use and abuse of some political terms / (Record no. 36413)

MARC details
000 -LEADER
fixed length control field 00881nam a2200253 4500
001 - CONTROL NUMBER
control field 36413
003 - CONTROL NUMBER IDENTIFIER
rucl marc code BD-RjUL
005 - DATE AND TIME OF LATEST TRANSACTION
control field 20211209052502.0
008 - FIXED-LENGTH DATA ELEMENTS--GENERAL INFORMATION
fixed length control field 160731s1970 mouac b 001 0 eng d
020 ## - INTERNATIONAL STANDARD BOOK NUMBER
International Standard Book Number 0826200893
035 ## - SYSTEM CONTROL NUMBER
System control number (BD-RjUL)36510
040 ## - CATALOGING SOURCE
Original cataloging agency DLC
Transcribing agency DLC
Modifying agency DLC
-- BD-RjUL
Language of cataloging eng
041 ## - LANGUAGE CODE
Language code of text/sound track or separate title eng
082 00 - DEWEY DECIMAL CLASSIFICATION NUMBER
Classification number 320
Author mark and year LER 1970
100 1# - MAIN ENTRY--PERSONAL NAME
Personal name Lewis, George Cornewall,
Dates associated with a name 1806-1863.
9 (RLIN) 110803
245 10 - TITLE STATEMENT
Title Remarks on the use and abuse of some political terms /
Statement of responsibility, etc. A facsimile of the 1832 text with pref. and introductory essay by Charles Frederick Mullett.
260 ## - PUBLICATION, DISTRIBUTION, ETC. (IMPRINT)
Place of publication, distribution, etc. Columbia :
Name of publisher, distributor, etc. University of Missouri Press,
Date of publication, distribution, etc. 1970.
300 ## - PHYSICAL DESCRIPTION
Pagination 264 p. :
Illustrations ill. ;
Size 21 cm.
504 ## - BIBLIOGRAPHY, ETC. NOTE
Bibliography, etc Includes bibliographical references and index.
650 #0 - SUBJECT ADDED ENTRY--TOPICAL TERM
Topical term or geographic name as entry element Political science.
9 (RLIN) 110804
700 1# - ADDED ENTRY--PERSONAL NAME
Personal name Mullett, Charles F.,
Dates associated with a name 1901-
942 ## - ADDED ENTRY ELEMENTS (KOHA)
Source of classification or shelving scheme Dewey Decimal Classification
Koha item type Books
Holdings
Lost status Source of classification or shelving scheme Damaged status Not for loan Collection code Permanent Location Current Location Shelving location Date acquired Source of acquisition Total Checkouts Full call number Date last seen Copy number Koha item type
  Dewey Decimal Classification   Not For Loan Non-fiction Central Library, University of Rajshahi Central Library, University of Rajshahi Reading Room 07/09/1985 Asia Foundation   320 LER 1970 22/06/2014 C-1 Books
  Dewey Decimal Classification     Non-fiction Central Library, University of Rajshahi Central Library, University of Rajshahi   07/09/1985 Asia Foundation   320 LER 1970 31/07/2016 C-2 Books